00886nam a22002657a 450000500170000001000130001702000100003003500130004003700160005304000120006908200180008110000310009924500500013024600440018026000530022427000160027730000200029365000280031365000370034165000320037865000260041094200270043699900190046395201380048220170123162327.0 aA-412273 c50.00 aA-412273 bCen Lib/Ret aDPLbUR aکbص ا د  aصادق حسین 9119682 aشہر اندر شہر /cصادق حسین  aShahar andar shahar /bby Sadiq Husain  bادارہ فارغ اردو c1988aلاہور  bلاہور  a168p.c20cm(Hb) aاردو ادب9119683 aاردو افسانے x 9889 v aUrdu literature 9119684 aUrdu stories 9119685 2ddccURhکmص ا د  c107488d107488 00104070aLbLd2016-01-08eCen Lib/Retg50.00l1oک ص ا دpA-412273r2017-11-18 00:00:00s2017-11-08t1v50.00w2016-01-08yUR